| 000 | 00386 a2200121 4500 | ||
|---|---|---|---|
| 001 | ART_14126 | ||
| 005 | 20260410161912.0 | ||
| 008 | 260409a | ||
| 245 | 1 | 0 | _aUnemployement, employement and exports in British manufacturing |
| 100 | 1 | _aMuellbauer, John | |
| 700 | 1 | _aWinter, David G. | |
| 773 | 0 |
_tEuropean economic review _g- Vol. 13, NÂș 3 (may. 1980) _wREV13346 |
|
| 999 |
_c26899 _d26899 |
||